000 01094nam a2200253 a 4500
001 80584
003 BD-RjUL
005 20221022182943.0
008 221022s2016 bg a|||| m||| 00| 0 eng d
035 _a(BD-RjUL)80584
040 _aBD-RjUL
_beng
_cBD-RjUL
_dBD-RjUL
041 _aeng
082 _223
_a371.0354924
_bFEE 2016
100 _aFerdousi, Most. Aleya
_95383
245 1 0 _aEffectiveness of UCEP Curriculum in Achievement of its Objectives:
_bA Study on UCEP Schools Within Rajshahi Metropolitan Area /
_cMost. Aleya Ferdousi
_6Suvervisor : Md. Shahidur Rahman Choudhary
260 _aRajshahi :
_bInstitute of Education and Research (IER),University of Rajshahi
_c2016
300 _a[3], xx, 218 leaves :
_bill.;
_c29 cm.
502 _aThesis(Ph.D.)-- Institute of Education and Research (IER),University of Rajshahi,2016
504 _aReferences : Leaves 187-201
650 _aEducation
_xCommunity schools
_zBangladesh
_zRajshahi
_95384
650 _aSpecial education
_zBangladesh
_zRajshahi
_95385
700 _aChoudhary, Md. Shahidur Rahman, Suvervisor
_95386
942 _2ddc
_cTHE
999 _c80584
_d80584